Politics : (Record no. 1456)

000 -LEADER
fixed length control field 00911cam a2200301 a 4500
003 - CONTROL NUMBER IDENTIFIER
control field CaOONL
005 - DATE AND TIME OF LATEST TRANSACTION
control field 20210628080005.0
008 - FIXED-LENGTH DATA ELEMENTS--GENERAL INFORMATION
fixed length control field 000112s2001 onca b 001 0 eng d
020 ## - INTERNATIONAL STANDARD BOOK NUMBER
International Standard Book Number 1551113694
040 ## - CATALOGING SOURCE
Transcribing agency ALUPE UNIVERSITY
050 ## - LIBRARY OF CONGRESS CALL NUMBER
Classification number JA66
Item number .J63 2000
055 00 - CLASSIFICATION NUMBERS ASSIGNED IN CANADA
Classification number JA66
Item number J63 2000
090 ## - LOCALLY ASSIGNED LC-TYPE CALL NUMBER (OCLC); LOCAL CALL NUMBER (RLIN)
Classification number (OCLC) (R) ; Classification number, CALL (RLIN) (NR) JA66.J63 2001
100 1# - MAIN ENTRY--PERSONAL NAME
Personal name Johnston, Lawrence Walker,
Dates associated with a name 1955-
245 10 - TITLE STATEMENT
Title Politics :
Remainder of title an introduction to the modern democratic state /
Statement of responsibility, etc. Larry Johnston.
250 ## - EDITION STATEMENT
Edition statement 2nd ed.
260 ## - PUBLICATION, DISTRIBUTION, ETC.
Place of publication, distribution, etc. Peterborough, Ont. :
Name of publisher, distributor, etc. Broadview Press,
Date of publication, distribution, etc. c2001.
300 ## - PHYSICAL DESCRIPTION
Extent 528 p. :
Other physical details ill. ;
Dimensions 24 cm.
504 ## - BIBLIOGRAPHY, ETC. NOTE
Bibliography, etc. note Includes bibliographical references and index.
650 #0 - SUBJECT ADDED ENTRY--TOPICAL TERM
Topical term or geographic name entry element Political science.
650 #0 - SUBJECT ADDED ENTRY--TOPICAL TERM
Topical term or geographic name entry element Democracy.
650 #6 - SUBJECT ADDED ENTRY--TOPICAL TERM
Topical term or geographic name entry element Science politique.
650 #6 - SUBJECT ADDED ENTRY--TOPICAL TERM
Topical term or geographic name entry element Démocratie.
942 ## - ADDED ENTRY ELEMENTS (KOHA)
Source of classification or shelving scheme
Koha item type Book
Suppress in OPAC MM
945 ## - LOCAL PROCESSING INFORMATION (OCLC)
a JA66.J63 2001
i 30020003468503
l 010101
t 00
y ABJ-8976
Holdings
Withdrawn status Lost status Source of classification or shelving scheme Damaged status Not for loan Permanent Location Current Location Shelving location Date acquired Total Checkouts Full call number Barcode Date last seen Price effective from Koha item type Public note
          AU LIBRARY AU LIBRARY Open Shelf 28.06.2021   JA66 .J63 2000 28000327 28.06.2021 28.06.2021 Book MM

Powered by Koha